000 01107nam a22003377a 4500
003 CHAP
005 20220329141454.0
008 971013s1989 r 00010 d
010 _a68716
011 _a69688
035 _a79165
040 _cCHAP
090 _aTesis
100 0 0 _aJuárez Lucas, Zósimo.
_962440
245 _aComercialización de la carne de res y leche en el Municipio de Zacapoaxtla, Pue.
260 _aChapingo, Méx. :
_bEl autor,
_c1989
300 _a87 h.
500 _a31-109
502 _aTesis (Ing. Agrónomo Esp. en Zootecnia) -- UACH. Departamento de Zootecnia
590 _aALEPH
_b10
_c20130110
_lUCH01
_h1405
590 _aBATCH-UPD
_b10
_c20130110
_lUCH01
_h0704
590 _aBATCH-UPD
_b10
_c20130410
_lUCH01
_h0349
590 _aBATCH-UPD
_b10
_c20130914
_lUCH01
_h0847
590 _aCONVERSION
_b10
_c20130109
_lUCH01
_h1338
650 1 4 _aCarne
_xMercadeo
_xPuebla.
_919098
650 1 4 _aLeche
_xMercadeo
_xPuebla.
_965389
901 _aBK
942 _cFOLL
949 _bBC
_cTES
_d-32047
_eTS1
_h21542
_i79165
_si
949 _bBC
_cTES
_d-96113
_eTS2
_fc.2
_h21543
_i79165
_si
999 _c68716
_d68716